01017nas a2200277Ia 4500001001600000003001000016008004100026040002500067041001300092100001900105210001800124222001800142245005200160250001100212260000900223501012300232300001600355362003600371500006200407650002700469700001900496942000700515957000600522999003300528952017800561A07/R090-46860 IT-MiCISF161014c99999999xx |||||||||||| ||und|| aIT-MiCISFcIT-MiCISF aITALIANO aCiotti Claudia aTredimensioni aTredimensioni 0aLa masturbazione. Considerazioni psicodinamiche a1a ed. c2008 bCISF - Centro Internazionale Studi Famiglia - Via Giotto, 36 20145 MILANO (non commercial uses only)cCopyright 2016 app. 303-312 an. 3, settembre-dicembre [2008] a Tema: sessualità€, masturbazione, psicologia, vocazione asessualità€varticolo a Rigon Samuela cCR 71 a46860bSig1c238622d238622 0010406A_07_000000000000000_R0904686071aCISFbCISFd2016-10-14l0oA07/R090-46860 r2016-10-14 00:00:00w2016-10-14yCRzData import 15.10.2016 / by Epidotti, Vaglietti